000 00269 a2200133 4500
001 194924
040 _cMagnum
100 _aAlencar, José de
240 1 0 _aCinco Minutos
_lpor
245 1 0 _aCinco Minutos
300 _a38
697 _aLITERATURA GERAL
942 _cBK
999 _c194924
_d194924